[Event "Obro International 2022"]
[Site "Copenhagen"]
[Date "2022.08.25"]
[Round "6.6"]
[White "Loftgaard, Mikkel Vinh"]
[Black "Nielsen, Viktor Haarmark"]
[Result "0-1"]
[WhiteElo "2238"]
[BlackElo "2336"]
[PlyCount "110"]
[EventDate "2022.08.22"]
[EventType "swiss"]
[EventRounds "9"]
[EventCountry "DEN"]

1. e4 e5 2. Nf3 Nc6 3. d4 exd4 4. Nxd4 Bc5 5. Nxc6 Qf6 6. Qf3 bxc6 7. Nc3 Bd4
8. Bd2 Rb8 9. Bc4 d6 10. Qxf6 Nxf6 11. f3 Be6 12. Bxe6 fxe6 13. O-O-O e5 14.
Na4 Ke7 15. c3 Bb6 16. Bg5 Ke6 17. Bxf6 gxf6 18. g4 Be3+ 19. Kc2 h5 20. h3 Rh7
21. Rd3 Bf4 22. c4 hxg4 23. fxg4 Rbh8 24. c5 d5 25. exd5+ cxd5 26. c6 e4 27.
Nc5+ Ke5 28. Ra3 Kd6 29. b4 e3 30. Rf1 Bg5 31. Rd3 Re8 32. Nb7+ Kxc6 33. Na5+
Kb6 34. Rxd5 e2 35. Re1 Bh4 36. Rc1 e1=Q 37. Rxe1 Bxe1 38. Kb3 Rxh3+ 39. Ka4 a6
40. Rf5 Re6 41. g5 fxg5 42. Rxg5 Bg3 43. Rg8 Ka7 44. Nb3 Bd6 45. Nd4 Ree3 46.
Nc2 Rc3 47. Rg2 Kb6 48. a3 Bf4 49. Rg6+ Bd6 50. Rg2 Rh2 51. Rxh2 Bxh2 52. Nd4
Bd6 53. Nb3 Rxb3 54. Kxb3 a5 55. bxa5+ Kxa5 0-1

[Event "Obro International 2022"]
[Site "Copenhagen"]
[Date "2022.08.25"]
[Round "6.7"]
[White "Johansson, Thomas"]
[Black "Schmidt, Kristen"]
[Result "1-0"]
[WhiteElo "2209"]
[BlackElo "2273"]
[PlyCount "87"]
[EventDate "2022.08.22"]
[EventType "swiss"]
[EventRounds "9"]
[EventCountry "DEN"]

1. e4 d6 2. d4 Nf6 3. Nc3 g6 4. Bg5 Nbd7 5. Nf3 h6 6. Be3 e5 7. h3 c6 8. a4 Qe7
9. Be2 Bg7 10. dxe5 dxe5 11. O-O Qb4 12. Bd3 Qxb2 13. Qd2 Qb4 14. a5 Qe7 15.
Rfb1 Nc5 16. Rb2 Nh5 17. Na4 Ne6 18. Qc3 O-O 19. a6 b5 20. Nc5 Rd8 21. Nb3 Bd7
22. Na5 Qf6 23. Nh2 Nhf4 24. Bf1 Nd4 25. Qe1 c5 26. c3 Nde6 27. Rd2 Be8 28. Nb7
Rxd2 29. Qxd2 g5 30. g3 Ng6 31. Nxc5 Nxc5 32. Bxc5 Qc6 33. Qe3 Qc7 34. c4 bxc4
35. Bxc4 Bf8 36. Bxf8 Nxf8 37. Bd5 Rd8 38. Ng4 Rd6 39. Nxe5 Ne6 40. Ng4 Kg7 41.
Qd2 Qb6 42. Ne3 Kh7 43. Nf5 Rd7 44. Qc3 1-0

[Event "Obro International 2022"]
[Site "Copenhagen"]
[Date "2022.08.25"]
[Round "6.8"]
[White "Ramsdal, Jens Albert"]
[Black "Kistrup, Nicolai"]
[Result "1-0"]
[WhiteElo "2304"]
[BlackElo "2308"]
[PlyCount "69"]
[EventDate "2022.08.22"]
[EventType "swiss"]
[EventRounds "9"]
[EventCountry "DEN"]

1. d4 Nf6 2. c4 e6 3. Nc3 Bb4 4. Qc2 d5 5. cxd5 exd5 6. Bg5 h6 7. Bh4 g5 8. Bg3
Nc6 9. e3 h5 10. f3 Qe7 11. Bb5 Qxe3+ 12. Kf1 Kf8 13. Re1 Qxd4 14. Nge2 Qc5 15.
Bxc6 Qxc6 16. Be5 Rh6 17. h4 g4 18. Qd2 Ne8 19. Qf4 a5 20. Rc1 Rg6 21. Ne4 Qd7
22. N4g3 Raa6 23. Nd4 gxf3 24. gxf3 Rxg3 25. Qxg3 Rg6 26. Qf4 b6 27. Kf2 Bd6
28. Rhg1 Rf6 29. Qg5 Bxe5 30. Qxe5 c5 31. Qxh5 cxd4 32. Qh8+ Ke7 33. Rge1+ Kd6
34. Qf8+ Qe7 35. Qxe7# 1-0

[Event "Obro International 2022"]
[Site "Copenhagen"]
[Date "2022.08.25"]
[Round "6.9"]
[White "Jacobsen, Mikkel Manosri"]
[Black "Hilwerda, Jonas"]
[Result "1-0"]
[WhiteElo "2320"]
[BlackElo "2273"]
[PlyCount "99"]
[EventDate "2022.08.22"]
[EventType "swiss"]
[EventRounds "9"]
[EventCountry "DEN"]

1. d4 Nf6 2. c4 g6 3. Nf3 Bg7 4. e3 O-O 5. Be2 d6 6. O-O Bf5 7. Nh4 Bc8 8. Nc3
e5 9. Nf3 Bf5 10. b4 e4 11. Nd2 h5 12. Bb2 Nbd7 13. Qb3 Re8 14. Rfc1 Nf8 15. a4
h4 16. h3 Qd7 17. a5 N8h7 18. a6 b6 19. Qd1 c6 20. Ra3 g5 21. Nf1 g4 22. hxg4
Nxg4 23. b5 c5 24. Nd5 Kh8 25. Ba1 Rg8 26. Nh2 Nh6 27. Kh1 Qd8 28. Rc2 Qg5 29.
Nf4 Nf8 30. Bf1 Kh7 31. Qh5 Ne6 32. Qxg5 Nxg5 33. dxc5 dxc5 34. Bxg7 Kxg7 35.
Rd2 Rgd8 36. Raa2 Ng8 37. Nd5 Be6 38. Nc7 Rac8 39. Nxe6+ Nxe6 40. Ng4 f6 41. f3
Nh6 42. Nxh6 Kxh6 43. Kh2 exf3 44. gxf3 Ng5 45. Bg2 Nf7 46. f4 Nd6 47. Bd5 Nf5
48. e4 Nd4 49. Rg2 Rc7 50. Rg4 1-0

[Event "Obro International 2022"]
[Site "Copenhagen"]
[Date "2022.08.26"]
[Round "7.1"]
[White "Ravi, Rakshitta"]
[Black "Rozentalis, Eduardas"]
[Result "1/2-1/2"]
[WhiteElo "2111"]
[BlackElo "2493"]
[PlyCount "68"]
[EventDate "2022.08.22"]
[EventType "swiss"]
[EventRounds "9"]
[EventCountry "DEN"]

1. e4 e6 2. d4 d5 3. Nc3 Bb4 4. exd5 exd5 5. Bd3 Nc6 6. a3 Bxc3+ 7. bxc3 Nce7
8. Nf3 Nf6 9. O-O O-O 10. Re1 h6 11. Rb1 Ne4 12. Bxe4 dxe4 13. Rxe4 Nd5 14. Bd2
Nb6 15. Qe2 Bf5 16. Re5 Re8 17. Re1 Rxe5 18. Nxe5 Qd5 19. Be3 f6 20. c4 Qe6 21.
c5 fxe5 22. cxb6 axb6 23. dxe5 Rxa3 24. Bd4 Ra2 25. Qf3 Rxc2 26. Qxb7 Kh7 27.
h3 c5 28. Ba1 Rd2 29. Qf3 Rd3 30. Re3 c4 31. Rxd3 cxd3 32. Bc3 b5 33. Qf4 Qd7
34. Kh2 Be6 1/2-1/2

[Event "Obro International 2022"]
[Site "Copenhagen"]
[Date "2022.08.26"]
[Round "7.2"]
[White "Hillarp Persson, Tiger"]
[Black "Hamitevici, Vladimir"]
[Result "1/2-1/2"]
[WhiteElo "2514"]
[BlackElo "2473"]
[PlyCount "52"]
[EventDate "2022.08.22"]
[EventType "swiss"]
[EventRounds "9"]
[EventCountry "DEN"]

1. d4 e6 2. e4 d5 3. Nd2 c5 4. Ngf3 cxd4 5. exd5 Qxd5 6. Bc4 Qd7 7. Nb3 Nc6 8.
O-O a6 9. a4 Nf6 10. Qe2 Bd6 11. Rd1 e5 12. Nbxd4 O-O 13. Nxc6 Qxc6 14. Bg5 Bc7
15. Ra3 Bg4 16. Rc3 Qxa4 17. Bxf6 gxf6 18. Bd5 Qa5 19. Qc4 e4 20. Qxe4 Bh5 21.
Ra3 Bg6 22. Qh4 Qc5 23. Rc3 Qe7 24. Re3 Qc5 25. Rc3 Qe7 26. Re3 Qc5 1/2-1/2

[Event "Obro International 2022"]
[Site "Copenhagen"]
[Date "2022.08.26"]
[Round "7.3"]
[White "Nielsen, Viktor Haarmark"]
[Black "Korley, Kassa"]
[Result "1-0"]
[WhiteElo "2336"]
[BlackElo "2432"]
[PlyCount "89"]
[EventDate "2022.08.22"]
[EventType "swiss"]
[EventRounds "9"]
[EventCountry "DEN"]

1. e4 e5 2. Nf3 Nf6 3. Nxe5 d6 4. Nf3 Nxe4 5. Qe2 Qe7 6. d3 Nf6 7. Bg5 Nbd7 8.
Nc3 Qxe2+ 9. Bxe2 h6 10. Bd2 c6 11. O-O-O d5 12. Rde1 Bd6 13. Bd1+ Kd8 14. Nd4
Nf8 15. f4 Ne6 16. Nce2 Re8 17. h3 c5 18. Nf3 d4 19. Ne5 Re7 20. Ng3 Nf8 21.
Bf3 Be6 22. Re2 Rc8 23. Rhe1 Rcc7 24. Ba5 b6 25. Bd2 Bxe5 26. fxe5 Ne8 27. Nh5
Red7 28. Nxg7 Nxg7 29. Bxh6 Nf5 30. Bxf8 Ke8 31. Bd6 Nxd6 32. exd6 Rxd6 33. Bg4
Ke7 34. Bxe6 fxe6 35. Rf2 Rd5 36. g4 c4 37. dxc4 Rxc4 38. Kd2 Rc8 39. Rfe2 Rd6
40. h4 Rf8 41. h5 Rf3 42. Rh2 Rg3 43. h6 Rd8 44. h7 Rh8 45. Re4 1-0

[Event "Obro International 2022"]
[Site "Copenhagen"]
[Date "2022.08.26"]
[Round "7.4"]
[White "Brynell, Stellan"]
[Black "Hector, Jonny"]
[Result "1/2-1/2"]
[WhiteElo "2387"]
[BlackElo "2463"]
[PlyCount "79"]
[EventDate "2022.08.22"]
[EventType "swiss"]
[EventRounds "9"]
[EventCountry "DEN"]

1. d4 d5 2. c4 c6 3. Nf3 Nf6 4. Qb3 dxc4 5. Qxc4 Bg4 6. Nbd2 Nbd7 7. g3 Qc7 8.
Bg2 e5 9. dxe5 Be6 10. Qc2 Ng4 11. Ng5 Qxe5 12. Nxe6 Qxe6 13. Qb3 Qxb3 14. Nxb3
Bb4+ 15. Nd2 O-O 16. a3 Be7 17. h3 Ngf6 18. Nc4 a5 19. O-O Rfe8 20. Bf4 Nd5 21.
Bd2 Nc5 22. e4 Nf6 23. e5 Nd5 24. Nxa5 Bd8 25. Nc4 f6 26. exf6 Bxf6 27. Rad1
Nb3 28. Be3 Rad8 29. Rfe1 b5 30. Bxd5+ cxd5 31. Nd2 Nxd2 32. Bxd2 Bxb2 33.
Rxe8+ Rxe8 34. Rb1 Bxa3 35. Rxb5 Rd8 36. Kf1 Be7 37. Ke2 Bf6 38. Kd3 Kf7 39.
Be3 Rd6 40. Bd4 1/2-1/2

[Event "Obro International 2022"]
[Site "Copenhagen"]
[Date "2022.08.26"]
[Round "7.5"]
[White "Rostgaard, Tobias Valentin"]
[Black "Nilssen, John Arni"]
[Result "1-0"]
[WhiteElo "2332"]
[BlackElo "2334"]
[PlyCount "41"]
[EventDate "2022.08.22"]
[EventType "swiss"]
[EventRounds "9"]
[EventCountry "DEN"]

1. d4 e6 2. Nf3 Nf6 3. Bf4 b6 4. e3 Bb7 5. Nbd2 Be7 6. Bd3 Nh5 7. Bg3 d6 8. Qe2
f5 9. d5 Bxd5 10. e4 fxe4 11. Nxe4 O-O 12. c4 Re8 13. cxd5 exd5 14. O-O Bf8 15.
Qc2 dxe4 16. Bxe4 Nxg3 17. fxg3 Rxe4 18. Qxe4 Nd7 19. Qd5+ Kh8 20. Ng5 Ne5 21.
Ne6 1-0

[Event "Obro International 2022"]
[Site "Copenhagen"]
[Date "2022.08.26"]
[Round "7.6"]
[White "Johansson, Thomas"]
[Black "Ramsdal, Jens Albert"]
[Result "0-1"]
[WhiteElo "2209"]
[BlackElo "2304"]
[PlyCount "90"]
[EventDate "2022.08.22"]
[EventType "swiss"]
[EventRounds "9"]
[EventCountry "DEN"]

1. e4 c5 2. Nc3 g6 3. d4 cxd4 4. Qxd4 Nf6 5. Be3 Nc6 6. Qd2 d6 7. f3 Bd7 8.
Nge2 h5 9. O-O-O Bg7 10. Nf4 Rc8 11. Kb1 O-O 12. h4 Ne5 13. b3 e6 14. Nce2 Qc7
15. Nc1 Rfd8 16. Nfd3 Neg4 17. Bg5 Bc6 18. Re1 Rd7 19. fxg4 Nxe4 20. Rxe4 Bxe4
21. Ne2 a5 22. Be3 Qc6 23. gxh5 Rdc7 24. Nd4 Qd5 25. c4 Qxh5 26. Be2 Qh8 27.
Nb5 Rd7 28. a4 d5 29. c5 d4 30. Bf4 e5 31. Bg3 Rxc5 32. Kb2 Rc6 33. h5 b6 34.
h6 Qh7 35. Rh2 Bh8 36. Na3 f6 37. Nf2 Bd5 38. Bb5 Rdc7 39. Bxc6 Rxc6 40. Qe2
Rc3 41. Qa6 Rxb3+ 42. Kc1 Qc7+ 43. Kd1 Rxa3 44. h7+ Kf7 45. Nd3 Ra1+ 0-1

[Event "Obro International 2022"]
[Site "Copenhagen"]
[Date "2022.08.26"]
[Round "7.7"]
[White "Thuesen, Mogens Henrik"]
[Black "Kistrup, Nicolai"]
[Result "1/2-1/2"]
[WhiteElo "2230"]
[BlackElo "2308"]
[PlyCount "105"]
[EventDate "2022.08.22"]
[EventType "swiss"]
[EventRounds "9"]
[EventCountry "DEN"]

1. e4 e5 2. Nf3 Nc6 3. Bb5 a6 4. Ba4 Nf6 5. O-O Be7 6. Re1 b5 7. Bb3 O-O 8. d4
Nxd4 9. Bxf7+ Rxf7 10. Nxe5 Rf8 11. Qxd4 c5 12. Qd1 Bb7 13. Nc3 b4 14. Nd5 Nxd5
15. exd5 Bd6 16. f4 Qc7 17. c4 bxc3 18. bxc3 c4 19. Rb1 Rae8 20. Be3 Bxe5 21.
fxe5 Rxe5 22. Bd4 Rg5 23. Qd2 Rg6 24. Re5 d6 25. Rg5 Qf7 26. h4 Bxd5 27. Bxg7
Rxg7 28. Qxd5 Rxg5 29. Qxg5+ Kh8 30. Qe3 Qf6 31. Rd1 Rg8 32. Qd4 Qe5 33. Qxd6
Qxc3 34. Rf1 a5 35. Qh6 Qd4+ 36. Kh1 Qb2 37. Rg1 Qg7 38. Qxg7+ Kxg7 39. Rc1 Rc8
40. g4 Kf6 41. Kg2 Ke5 42. Kf3 Kd4 43. Ke2 c3 44. Rg1 c2 45. Kd2 c1=Q+ 46. Rxc1
Rxc1 47. Kxc1 Ke4 48. Kd2 Kf4 49. g5 Kg4 50. Ke3 Kxh4 51. Kf4 a4 52. a3 Kh5 53.
Ke4 1/2-1/2

[Event "Obro International 2022"]
[Site "Copenhagen"]
[Date "2022.08.26"]
[Round "7.8"]
[White "Schmidt, Kristen"]
[Black "Loftgaard, Mikkel Vinh"]
[Result "1-0"]
[WhiteElo "2273"]
[BlackElo "2238"]
[PlyCount "89"]
[EventDate "2022.08.22"]
[EventType "swiss"]
[EventRounds "9"]
[EventCountry "DEN"]

1. e4 c5 2. Nf3 e6 3. c3 d5 4. exd5 exd5 5. d4 Nf6 6. Bg5 Be7 7. Bb5+ Bd7 8.
Bxd7+ Nbxd7 9. Nbd2 O-O 10. O-O Re8 11. Re1 Nf8 12. Bxf6 Bxf6 13. Rxe8 Qxe8 14.
dxc5 a5 15. a4 Ng6 16. Qf1 Qc8 17. Nb3 Qg4 18. h3 Qh5 19. Re1 Nf4 20. Re3 Qg6
21. g3 h5 22. Kh2 Ne6 23. Qd3 Qh6 24. Qf5 h4 25. Re2 hxg3+ 26. fxg3 Rd8 27. Kg2
b5 28. cxb6 Rb8 29. b7 Rxb7 30. Nc5 Rb6 31. Qxd5 Qc1 32. Nxe6 fxe6 33. Qa8+ Kh7
34. Qe4+ Kg8 35. Qc2 Qa1 36. g4 Qa2 37. g5 Be7 38. Rd2 e5 39. c4 e4 40. Qxe4
Rxb2 41. Qd5+ Kh8 42. g6 Rxd2+ 43. Nxd2 Qa3 44. Qh5+ Kg8 45. Qh7+ 1-0

[Event "Obro International 2022"]
[Site "Copenhagen"]
[Date "2022.08.26"]
[Round "7.9"]
[White "Jacobsen, Mikkel Manosri"]
[Black "Vesterli, Michael E"]
[Result "1-0"]
[WhiteElo "2320"]
[BlackElo "2244"]
[PlyCount "65"]
[EventDate "2022.08.22"]
[EventType "swiss"]
[EventRounds "9"]
[EventCountry "DEN"]

1. d4 Nf6 2. c4 g6 3. Nf3 Bg7 4. e3 O-O 5. Be2 d6 6. O-O Nbd7 7. Nc3 c6 8. b4
a5 9. b5 c5 10. Bb2 Qc7 11. Rc1 Nb6 12. Nd2 Be6 13. d5 Bd7 14. g4 e6 15. g5 Ne8
16. Nde4 f5 17. gxf6 Nxf6 18. Nxf6+ Bxf6 19. Qd2 e5 20. Ne4 Bh3 21. Rfd1 Bh4
22. f4 Qe7 23. Bf3 g5 24. Kh1 exf4 25. Rg1 fxe3 26. Qxe3 Rae8 27. Qc3 Qe5 28.
Nxg5 Bf2 29. Ne6+ Bxg1 30. Rxg1+ Kf7 31. Rg7+ Kf6 32. Qe3 Qxb2 33. Qg5# 1-0

[Event "Obro International 2022"]
[Site "Copenhagen"]
[Date "2022.08.27"]
[Round "8.1"]
[White "Rozentalis, Eduardas"]
[Black "Nielsen, Viktor Haarmark"]
[Result "1/2-1/2"]
[WhiteElo "2493"]
[BlackElo "2336"]
[PlyCount "124"]
[EventDate "2022.08.22"]
[EventType "swiss"]
[EventRounds "9"]
[EventCountry "DEN"]

1. e4 e5 2. Nf3 Nc6 3. Bc4 Bc5 4. c3 Nf6 5. d3 a6 6. a4 Ba7 7. O-O O-O 8. h3 d6
9. Re1 Ne7 10. Bg5 Ng6 11. Nh4 Nxh4 12. Bxh4 h6 13. Na3 Qe7 14. d4 g5 15. Bg3
Kg7 16. Nc2 Kg6 17. Ne3 Nh5 18. Bh2 Nf4 19. Nf5 Qf6 20. g3 Ne6 21. g4 Nf4 22.
Bxf4 gxf4 23. dxe5 dxe5 24. Qf3 Be6 25. b3 Rad8 26. Red1 Rxd1+ 27. Rxd1 Rd8 28.
Kg2 Kh7 29. Rd3 Bxc4 30. bxc4 Rxd3 31. Qxd3 Qb6 32. Qe2 Qc6 33. g5 Qg6 34. Nxh6
Qxg5+ 35. Ng4 c6 36. Qd1 Kg7 37. Kf1 Qh4 38. Qd3 Qe7 39. Ke2 Bc5 40. Kf3 Qh4
41. Qf1 Qg5 42. Qd3 Qh4 43. Ke2 Qe7 44. Nh2 Qe6 45. Ke1 Qg6 46. Ng4 Qe6 47. Qd8
Be7 48. Qe8 Kh7 49. Kd2 Kg7 50. f3 b5 51. axb5 axb5 52. h4 Qd6+ 53. Ke2 bxc4
54. Kf1 Bxh4 55. Qxe5+ Qxe5 56. Nxe5 Bf6 57. Nxc4 Bxc3 58. Ke2 Bd4 59. Kd3 c5
60. e5 Kg6 61. Ke4 Be3 62. Nd6 Bc1 1/2-1/2

[Event "Obro International 2022"]
[Site "Copenhagen"]
[Date "2022.08.27"]
[Round "8.2"]
[White "Ravi, Rakshitta"]
[Black "Hillarp Persson, Tiger"]
[Result "0-1"]
[WhiteElo "2111"]
[BlackElo "2514"]
[PlyCount "136"]
[EventDate "2022.08.22"]
[EventType "swiss"]
[EventRounds "9"]
[EventCountry "DEN"]

1. e4 c5 2. Nf3 d6 3. d4 cxd4 4. Nxd4 Nf6 5. Nc3 Nc6 6. Be2 e6 7. Be3 a6 8. f4
Be7 9. O-O O-O 10. Qe1 Nxd4 11. Bxd4 b5 12. Bf3 Bb7 13. Rd1 Qc7 14. e5 dxe5 15.
Bxe5 Qb6+ 16. Bd4 Bc5 17. Qe3 Bxd4 18. Qxd4 Qc7 19. Qd6 Qc8 20. a3 h6 21. Rd4
Bxf3 22. Rxf3 Ra7 23. Qb6 Rc7 24. Rfd3 Rc6 25. Qa5 Kh7 26. Rd8 Rxd8 27. Qxd8
Qb7 28. Rd2 Rc8 29. Qd3+ Kg8 30. h3 b4 31. axb4 Qxb4 32. Qxa6 Rb8 33. Qd3 Qxb2
34. Kh2 Qb4 35. Qd4 Qxd4 36. Rxd4 Rc8 37. Rd3 h5 38. g3 Rc4 39. h4 Kh7 40. Kg2
Ng4 41. Kf1 Kg6 42. Ke1 Kf5 43. Kd2 Nf6 44. Ne2 Kg4 45. Re3 Ra4 46. Re5 g6 47.
Kd3 Kf3 48. Rb5 Ra7 49. Rb4 Rd7+ 50. Nd4+ Kxg3 51. c4 Kxh4 52. c5 Nd5 53. Rb8
Ne7 54. Rb6 Nf5 55. Rb4 Nxd4 56. Rxd4 Rc7 57. Kc4 Kg3 58. Kb5 h4 59. Kb6 Rc8
60. c6 h3 61. Rd3+ Kg4 62. Kb7 Rh8 63. c7 h2 64. Rd1 f5 65. c8=Q Rxc8 66. Kxc8
Kxf4 67. Kd7 e5 68. Ke6 e4 0-1

[Event "Obro International 2022"]
[Site "Copenhagen"]
[Date "2022.08.27"]
[Round "8.3"]
[White "Hector, Jonny"]
[Black "Nilssen, John Arni"]
[Result "1-0"]
[WhiteElo "2463"]
[BlackElo "2334"]
[PlyCount "37"]
[EventDate "2022.08.22"]
[EventType "swiss"]
[EventRounds "9"]
[EventCountry "DEN"]

1. e4 c5 2. Nf3 Nc6 3. Nc3 e5 4. Bc4 Be7 5. d3 Nf6 6. Ng5 O-O 7. h4 Nd4 8. Nd5
h6 9. f4 exf4 10. Bxf4 Ne6 11. Nxe6 fxe6 12. Nxe7+ Qxe7 13. Qe2 b5 14. Bxb5 d5
15. exd5 Nxd5 16. Be5 Nf4 17. Bxf4 Rxf4 18. O-O-O Rb8 19. Qe5 1-0

[Event "Obro International 2022"]
[Site "Copenhagen"]
[Date "2022.08.27"]
[Round "8.4"]
[White "Hamitevici, Vladimir"]
[Black "Korley, Kassa"]
[Result "0-1"]
[WhiteElo "2473"]
[BlackElo "2432"]
[PlyCount "68"]
[EventDate "2022.08.22"]
[EventType "swiss"]
[EventRounds "9"]
[EventCountry "DEN"]

1. d4 d5 2. Nf3 Nf6 3. e3 e6 4. Bd3 b6 5. O-O Bb7 6. Ne5 Nbd7 7. f4 c5 8. b3
Be7 9. Nd2 O-O 10. Bb2 cxd4 11. exd4 Ne4 12. Nxe4 dxe4 13. Bc4 Rc8 14. Qe2 Rc7
15. a4 Qc8 16. Rf2 Nf6 17. Raf1 a6 18. g4 Nd5 19. Qxe4 Nb4 20. Qe3 b5 21. axb5
axb5 22. Bxb5 Rxc2 23. Bc4 Nd5 24. Qh3 Nxf4 25. Qg3 Rxf2 26. Rxf2 Ng6 27. g5
Bd6 28. Rd2 Nxe5 29. dxe5 Bc5+ 30. Kf1 Qc6 31. Bd4 Qh1+ 32. Ke2 Bb4 33. Rd3 Ra8
34. Bb2 Qb1 0-1

[Event "Obro International 2022"]
[Site "Copenhagen"]
[Date "2022.08.27"]
[Round "8.5"]
[White "Ramsdal, Jens Albert"]
[Black "Brynell, Stellan"]
[Result "1-0"]
[WhiteElo "2304"]
[BlackElo "2387"]
[PlyCount "51"]
[EventDate "2022.08.22"]
[EventType "swiss"]
[EventRounds "9"]
[EventCountry "DEN"]

1. d4 Nf6 2. c4 e6 3. Nc3 Bb4 4. Qc2 O-O 5. Nf3 d5 6. a3 Bxc3+ 7. Qxc3 dxc4 8.
Qxc4 b6 9. Bg5 Bb7 10. Rc1 h6 11. Bh4 c5 12. dxc5 Nbd7 13. c6 Rc8 14. c7 Qe7
15. b4 Qd6 16. e3 Nd5 17. Bd8 Nb8 18. e4 Re8 19. Be2 Nc6 20. O-O Nf4 21. Rfd1
Nxe2+ 22. Qxe2 Qf4 23. Qb5 Rxc7 24. Bxc7 Qxc7 25. Qd3 Qf4 26. Qd7 1-0

[Event "Obro International 2022"]
[Site "Copenhagen"]
[Date "2022.08.27"]
[Round "8.6"]
[White "Rostgaard, Tobias Valentin"]
[Black "Johansson, Thomas"]
[Result "0-1"]
[WhiteElo "2332"]
[BlackElo "2209"]
[PlyCount "62"]
[EventDate "2022.08.22"]
[EventType "swiss"]
[EventRounds "9"]
[EventCountry "DEN"]

1. d4 Nf6 2. Nf3 b6 3. Bf4 Bb7 4. e3 g6 5. h4 Bg7 6. Nbd2 d6 7. Bd3 Nbd7 8. e4
e6 9. Qe2 Qe7 10. Bh2 e5 11. d5 c6 12. c4 O-O 13. Bg1 Nh5 14. g3 a6 15. Kf1 b5
16. b3 f5 17. Kg2 cxd5 18. cxd5 fxe4 19. Bxe4 Ndf6 20. Qd3 Nxe4 21. Nxe4 Rf4
22. Rd1 Raf8 23. Nfg5 h6 24. Nc3 Rg4 25. Nh3 e4 26. Qe2 Qxh4 27. Qe1 Qf6 28.
Rc1 Qf3+ 29. Kh2 Be5 30. Ne2 e3 31. Rd1 Rh4 0-1

[Event "Obro International 2022"]
[Site "Copenhagen"]
[Date "2022.08.27"]
[Round "8.7"]
[White "Schmidt, Kristen"]
[Black "Thuesen, Mogens Henrik"]
[Result "1-0"]
[WhiteElo "2273"]
[BlackElo "2230"]
[PlyCount "41"]
[EventDate "2022.08.22"]
[EventType "swiss"]
[EventRounds "9"]
[EventCountry "DEN"]

1. e4 e5 2. Nf3 Nf6 3. d4 Nxe4 4. Bd3 d5 5. dxe5 Be7 6. O-O O-O 7. Nc3 Nxc3 8.
bxc3 c5 9. c4 Be6 10. Rb1 b6 11. cxd5 Bxd5 12. c4 Bb7 13. Qe2 Qc8 14. Ng5 h6
15. Ne4 Nc6 16. Qh5 Rd8 17. Nf6+ Bxf6 18. Bf5 Qc7 19. exf6 Nd4 20. Bxh6 Nxf5
21. Bxg7 1-0

[Event "Obro International 2022"]
[Site "Copenhagen"]
[Date "2022.08.27"]
[Round "8.8"]
[White "Kistrup, Nicolai"]
[Black "Jacobsen, Mikkel Manosri"]
[Result "1-0"]
[WhiteElo "2308"]
[BlackElo "2320"]
[PlyCount "75"]
[EventDate "2022.08.22"]
[EventType "swiss"]
[EventRounds "9"]
[EventCountry "DEN"]

1. d4 Nf6 2. c4 e6 3. Nf3 d5 4. g3 Bb4+ 5. Nc3 O-O 6. Bg2 b6 7. O-O Bb7 8. cxd5
exd5 9. Bf4 Na6 10. Rc1 Re8 11. Ne5 c5 12. Nb5 Ne4 13. a3 f6 14. Bxe4 fxe5 15.
dxe5 dxe4 16. Nd6 Qe7 17. Qb3+ Kh8 18. Nf7+ Kg8 19. Nd6+ Kh8 20. Nxe8 Rxe8 21.
axb4 Nxb4 22. Rfd1 g5 23. Be3 Nc6 24. e6 Ne5 25. Ra1 Bc6 26. Qc3 Qg7 27. Rd6
Bb5 28. Rad1 Bxe2 29. Rd8 Nf3+ 30. Kh1 Qxc3 31. Rxe8+ Kg7 32. Rd7+ Kg6 33. bxc3
h5 34. Rg8+ Kf6 35. e7 h4 36. Rf8+ Kg7 37. e8=Q+ Kh6 38. Rf6# 1-0

[Event "Obro International 2022"]
[Site "Copenhagen"]
[Date "2022.08.27"]
[Round "8.9"]
[White "Hilwerda, Jonas"]
[Black "Vesterli, Michael E"]
[Result "1-0"]
[WhiteElo "2273"]
[BlackElo "2244"]
[PlyCount "37"]
[EventDate "2022.08.22"]
[EventType "swiss"]
[EventRounds "9"]
[EventCountry "DEN"]

1. e4 c5 2. Nf3 Nc6 3. Nc3 e5 4. Bc4 Be7 5. d3 Nf6 6. Ng5 O-O 7. h4 d6 8. Nd5
Rb8 9. Nxf6+ Bxf6 10. Qh5 h6 11. Nxf7 Rxf7 12. Qxf7+ Kh7 13. Bg5 Bg4 14. f3
Bxg5 15. hxg5 Qxg5 16. fxg4 Nd4 17. Qf2 Qxg4 18. Rh4 Qg5 19. Rh3 1-0

[Event "Obro International 2022"]
[Site "Copenhagen"]
[Date "2022.08.28"]
[Round "9.3"]
[White "Nielsen, Viktor Haarmark"]
[Black "Hamitevici, Vladimir"]
[Result "1/2-1/2"]
[WhiteElo "2336"]
[BlackElo "2473"]
[PlyCount "194"]
[EventDate "2022.08.22"]
[EventType "swiss"]
[EventRounds "9"]
[EventCountry "DEN"]

1. d4 e6 2. c4 b6 3. e4 Bb7 4. Bd3 Bb4+ 5. Kf1 Be7 6. Nc3 d6 7. Nf3 Nf6 8. h4
c5 9. d5 Bc8 10. h5 h6 11. Ne2 O-O 12. Ng3 Na6 13. Bd2 Nc7 14. a4 Rb8 15. Qc1
e5 16. Ne1 Nh7 17. Nc2 Bg5 18. Bxg5 Qxg5 19. Qxg5 hxg5 20. Ne3 g6 21. hxg6 fxg6
22. Ne2 Ne8 23. Nc3 Rb7 24. Ke2 Rbf7 25. Raf1 Nhf6 26. Ke1 a6 27. Be2 g4 28.
Rh4 Rh7 29. Rxh7 Kxh7 30. Rh1+ Kg7 31. Rh4 Nc7 32. Rh1 Bd7 33. g3 Rb8 34. Kd2
b5 35. axb5 axb5 36. cxb5 Bxb5 37. Bxg4 Nxg4 38. Nxg4 Bd7 39. Ne3 Rxb2+ 40. Nc2
Bc8 41. Rb1 Rxb1 42. Nxb1 Ba6 43. Nc3 Ne8 44. Ne3 Nf6 45. Ng2 Kf7 46. Ne1 Ke7
47. Nd3 g5 48. Ne1 Ng4 49. f3 Nh6 50. Ke3 Nf7 51. f4 g4 52. Ng2 Kd7 53. Kf2 Kc7
54. Ne3 Nh6 55. fxe5 dxe5 56. Na4 Kd6 57. Nb2 Nf7 58. Nbc4+ Kc7 59. Nd2 Bc8 60.
Ke2 Kb6 61. Kd3 Ba6+ 62. Kc3 Be2 63. Nec4+ Kb5 64. Na3+ Kb6 65. Ndc4+ Ka6 66.
Kd2 Bf3 67. Ke3 Bh1 68. Nd2 Ka5 69. Nac4+ Kb4 70. d6 Bf3 71. d7 Bd1 72. Nxe5
Nd8 73. Ndc4 Kc3 74. Nd6 Ba4 75. Kf4 Kd4 76. Nf5+ Kc3 77. Nd6 Kd4 78. Nf5+ Kc3
79. Kxg4 c4 80. Nd6 Kd4 81. Ndxc4 Kxe4 82. Kg5 Ne6+ 83. Kf6 Bxd7 84. Nd6+ Kd5
85. Nxd7 Kxd6 86. Ne5 Kd5 87. g4 Nc5 88. Nf7 Ne4+ 89. Kf5 Ng3+ 90. Kf4 Ne2+ 91.
Kf5 Ng3+ 92. Kf4 Ne2+ 93. Ke3 Nc3 94. g5 Ke6 95. Nh6 Ke5 96. g6 Kf6 97. g7 Kxg7
1/2-1/2